96 saji-saji kuih, jilid 2

Bibliographic Details
Other Authors: Ahmad, Nur
Format: Book
Published: Kuala Lumpur : Utusan Publications & Distributors , 2002
Subjects:

MARC

LEADER 00000cam a2200000 7i4500
001 0000023221
005 20080919.0
008 080825
020 |a 9676112895 
090 0 0 |a 641.8653   |b SEM 
245 1 0 |a 96 saji-saji kuih, jilid 2   |c disusun oleh Ahmad & Nur 
260 |a Kuala Lumpur :   |b Utusan Publications & Distributors ,   |c 2002 
650 0 |a Biscuits 
650 0 |a Cake 
700 0 |a Ahmad 
700 0 |a Nur 
740 0 |a Sembilan puluh enam saji-saji kuih 
999 |a 0001034500   |b Book   |c Adult Collection   |e Perbadanan Perpustakaan Awam Johor